000 00795cab a2200253 4500
001 ABS57979
008 090401t1997 xxu||||| |||| 00| 0 eng d
035 _a(Sirsi) u82362
041 _aeng
100 _aTolson, S.
245 _aFinancial advisers
260 _c1997
350 _a0
490 _aBuilding
_v262(46) 21 November 1997, 37(1)
520 _aReviews a number of cases which highlight the need for consultants to issue cost estimates with care; and the duties of consultants to give clients proper financial advice.
650 _aARCHITECTS
650 _aCONSULTANTS
650 _aCOST ESTIMATING
650 _aDUTY TO ADVISE
650 _aFINANCIAL ADVICE
690 _aMANAGEMENT-BUSINESS MANAGEMENT-PROFESSIONAL PRACTICE
942 _n0
948 _c26/11/1997
999 _c51986
_d51986